• 首页
  • 本馆介绍
  • 公告通知
  • 最新文献
  • 馆藏检索
  • 电子资源
  • 读者导购
  • 参考咨询
  • 我的图书馆
  • 登录
  • 详细信息显示
  • 放入我的书架
  • 预约/预借图书
  • 作者相关作品
  • 分类相关作品
  • 丛书相关作品
  • 出版社相关作品

书目信息

  • 表格格式
  • 工作单格式
  • 卡片格式
题名:
新时期我国农业现代化道路研究
    
 
作者: 李主其 , 修长柏 , 曹建民 著
分册:  
出版信息: 北京   经济科学出版社  2013
页数: 16,245页
开本: 24cm
丛书名:
单 册:
中图分类: F320.1
科图分类:
主题词: 农业现代化--现代化建设--研究--中国 , 农业现代化 , 现代化建设
电子资源:
ISBN: 978-7-5141-3377-6
000 01042nam0 2200277 450
001 523
005 20140909093835.07
010    @a978-7-5141-3377-6@dCNY58.00
100    @a20140310d2013 em y0chiy50 ea
101 0  @achi
102    @aCN@b110000
105    @ay z 000yy
106    @ar
200 1  @a新时期我国农业现代化道路研究@AXin Shi Qi Wo Guo Nong Ye Xian Dai Hua Dao Lu Yan Jiu@f李主其,修长柏,曹建民等著@FLi Zhu Qi, Xiu Chang Bai, Cao Jian Min Deng Zhu
210    @a北京@c经济科学出版社@d2013
215    @a16,245页@d24cm
330    @a本书介绍了我国新时期农业现代化道路的内涵;新时期探索我国农业现代化道路的必要性;新时期我国农业发展的状况、问题与机遇;创新耕地使用制度探索中国农业现代化道路等内容。
606 0  @a农业现代化@x现代化建设@x研究@y中国
606 0  @a农业现代化
606 0  @a现代化建设
690    @aF320.1@v5
701  0 @a李主其@ALi Zhu Qi@4著
701  0 @a修长柏@AXiu Chang Bai@f(1963.9~)@4著
701  0 @a曹建民@ACao Jian Min@4著
801  0 @aCN@bTANGWEI@c20140603
905    @b0840428-30@dF320.1@e148@f3
    
    新时期我国农业现代化道路研究/李主其,修长柏,曹建民等著.-北京:经济科学出版社,2013
    16,245页;24cm
    
    
    ISBN 978-7-5141-3377-6:CNY58.00
    本书介绍了我国新时期农业现代化道路的内涵;新时期探索我国农业现代化道路的必要性;新时期我国农业发展的状况、问题与机遇;创新耕地使用制度探索中国农业现代化道路等内容。
●
相关链接 在E读中查询图书 在五车中查询图书 在当当中查询图书 在豆瓣中查询图书


正题名:新时期我国农业现代化道路研究     索取号:F320.1/148         预约/预借

序号 登录号 条形码 馆藏地/架位号 状态 备注
1 0840428   208404289   第一样本阅览室/ [索取号:F320.1/148] 在馆    
2 0840429   208404298   第一借阅区/ [索取号:F320.1/148] 在馆    
3 0840430   208404305   密集书库-海洋学院/ [索取号:F320.1/148] 在馆    
唐山师范学院图书馆 欢迎您!
大连网信软件有限公司© 版权所有